| 000 | 00731nam a2200277 a 4500 | ||
|---|---|---|---|
| 003 | AR-BaBNM | ||
| 005 | 20251128210819.0 | ||
| 008 | 082120s2002 ||||||||||||||000 | spa|| | ||
| 020 | _a956-13-1478-9 | ||
| 040 | _cAR-BaBNM | ||
| 100 | 1 | _aSalgari, Emilio | |
| 245 | 0 | 0 | _aSandokán |
| 250 | _a1ª ed. | ||
| 260 |
_aSantiago de Chile _bEditorial Andrés Bello _c1997 |
||
| 300 |
_a255 p. _bil. |
||
| 650 | 4 | _aLITERATURA ITALIANA | |
| 650 | 4 | _aSIGLO DIECINUEVE | |
| 653 | _aLITERATURA JUVENIL | ||
| 653 | _aNOVELA DE AVENTURAS | ||
| 653 | _aADAPTACIONES LITERARIAS | ||
| 655 | _aLITERATURA | ||
| 700 | 1 |
_aDuhart, María Rosa _eadaptación |
|
| 700 | 1 |
_aJullian, Andrés _eilustrador |
|
| 942 | _cBK | ||
| 998 | _cMARTIN | ||
| 999 |
_c17030 _d17030 |
||